书目信息 |
| 题名: |
质量管理
|
|
| 作者: | 刘伟 , 刘国宁 著 | |
| 分册: | ||
| 出版信息: | 北京 中国言实出版社 2005.01 |
|
| 页数: | 350页 | |
| 开本: | 24cm | |
| 丛书名: | 职业经理人最新实用手册 | |
| 单 册: | ||
| 中图分类: | F270 | |
| 科图分类: | ||
| 主题词: | 企业经济 | |
| 电子资源: | ||
| ISBN: | 7-80128-648-0 | |
| 000 | 00894 nam 000277 | |
| 001 | 0100010410 | |
| 005 | 20100803172146.12 | |
| 010 | @a7-80128-648-0@dCNY35.00 | |
| 100 | @a20100802d1997 em y0chiy0121 ea | |
| 101 | @achi | |
| 102 | @aCN@b110000 | |
| 105 | @ay z 000yy | |
| 200 | 10 | @a质量管理@Azhi liang guan li@f刘伟,刘国宁著@Fliu wei liu guo ning zhu |
| 210 | @a北京@c中国言实出版社@d2005.01 | |
| 215 | @a350页@d24cm | |
| 225 | @a职业经理人最新实用手册 | |
| 330 | @a本书包括质量管理、质量管理方法、质量管理体系、质量体系实施和改进、质量体系文件、质量管理体系有效性、质量管理体系的价值评估等19章内容。 | |
| 410 | 0 | @12001 @a职业经理人最新实用手册 |
| 540 | @a质量管理 | |
| 606 | @a企业经济 | |
| 690 | @aF270@v4 | |
| 701 | 0 | @a刘伟@Aliu wei@4著 |
| 701 | 1 | @a刘国宁@Aliu guo ning@4著 |
| 801 | @aCN@bDYGS@c20100803 | |
| 901 | @a210902 | |
| 905 | @b972130-2@dF270@eL683-2@f3 | |
| 质量管理/刘伟,刘国宁著.-北京:中国言实出版社,2005.01 |
| 350页;24cm.-(职业经理人最新实用手册) |
| ISBN 7-80128-648-0:CNY35.00 |
| 本书包括质量管理、质量管理方法、质量管理体系、质量体系实施和改进、质量体系文件、质量管理体系有效性、质量管理体系的价值评估等19章内容。 |
| ● |
| 相关链接 |
|
|
|
正题名:质量管理
索取号:F270/L683-2
 
预约/预借
| 序号 | 登录号 | 条形码 | 馆藏地/架位号 | 状态 | 备注 |
| 1 | 972130 | 209721309 | 社科库409/409社科库 84排1列2层/ [索取号:F270/L683-2] | 在馆 | |
| 2 | 972131 | 209721318 | 社科库409/409社科库 84排1列2层/ [索取号:F270/L683-2] | 在馆 | |
| 3 | 972132 | 209721327 | 社科库409/409社科库 84排1列2层/ [索取号:F270/L683-2] | 在馆 |